Prashnopanishattu (Record no. 86914)
[ view plain ]
| 000 -LEADER | |
|---|---|
| fixed length control field | 00703nam a2200205Ia 4500 |
| 003 - CONTROL NUMBER IDENTIFIER | |
| control field | OSt |
| 005 - DATE AND TIME OF LATEST TRANSACTION | |
| control field | 20260416141209.0 |
| 008 - FIXED-LENGTH DATA ELEMENTS--GENERAL INFORMATION | |
| fixed length control field | 210210b1974 xxu||||| |||| 00| 0 eng d |
| 040 ## - CATALOGING SOURCE | |
| Transcribing agency | AL |
| 041 ## - LANGUAGE CODE | |
| Language code of text/sound track or separate title | Kannada |
| 082 ## - DEWEY DECIMAL CLASSIFICATION NUMBER | |
| Classification number | S891.6 SHAP |
| 100 ## - MAIN ENTRY--PERSONAL NAME | |
| Personal name | SHANKARACHARYA. |
| Dates associated with a name | ಶಂಕರಾಚಾರ್ಯ |
| 9 (RLIN) | 261865 |
| 245 ## - TITLE STATEMENT | |
| Title | Prashnopanishattu |
| Remainder of title | ಪ್ರಶ್ನೋಪನಿಷತ್ತು |
| 260 ## - PUBLICATION, DISTRIBUTION, ETC. | |
| Place of publication, distribution, etc. | Holenarasipura |
| Name of publisher, distributor, etc. | Adhyatma prakasha karyalaya |
| Date of publication, distribution, etc. | 1974 |
| 300 ## - PHYSICAL DESCRIPTION | |
| Extent | 168 |
| 690 ## - LOCAL SUBJECT ADDED ENTRY--TOPICAL TERM (OCLC, RLIN) | |
| Topical term or geographic name as entry element | Sanskrit Prakirana |
| 9 (RLIN) | 261866 |
| 700 ## - ADDED ENTRY--PERSONAL NAME | |
| Personal name | Sachchidanandendra Sarasvatisvami. |
| Dates associated with a name | ಸಚ್ಚಿದಾನಂದೇಂದ್ರ ಸರಸ್ವತಿಸ್ವಾಮಿ tr. |
| 9 (RLIN) | 261867 |
| 906 ## - LOCAL DATA ELEMENT F, LDF (RLIN) | |
| a | 036306 |
| 942 ## - ADDED ENTRY ELEMENTS (KOHA) | |
| Source of classification or shelving scheme | Dewey Decimal Classification |
| Koha item type | Book |
| Withdrawn status | Lost status | Source of classification or shelving scheme | Damaged status | Not for loan | Collection code | Home library | Current library | Shelving location | Date acquired | Source of acquisition | Cost, normal purchase price | Total Checkouts | Full call number | Barcode | Date last seen | Price effective from | Koha item type |
|---|---|---|---|---|---|---|---|---|---|---|---|---|---|---|---|---|---|
| Dewey Decimal Classification | Sanskrit | St Aloysius Library | St Aloysius Library | 02/17/2021 | Sahitya Kendra, Mangalore. | 10.00 | S891.6 SHAP | 036306 | 02/17/2021 | 02/17/2021 | Book |